[Event "Downeast op"]
[Site "Portland"]
[Date "1989.07.??"]
[Round "4"]
[White "Johnson, Joel F"]
[Black "Moreau, Guy"]
[Result "1-0"]
[WhiteElo "2340"]
[BlackElo "2012"]
[PlyCount "61"]
[EventDate "1989.06.??"]
[EventType "swiss"]
[EventRounds "5"]
[EventCountry "USA"]
[SourceTitle "EXT 2005"]
[Source "ChessBase"]
[SourceDate "2004.11.15"]
[SourceVersion "1"]
[SourceVersionDate "2004.11.15"]
[SourceQuality "1"]

1. e4 e5 2. Bc4 Nf6 3. d4 exd4 4. Nf3 Be7 5. e5 Ne4 6. Qxd4 Nc5 7. Nc3 Nc6 8. Qd5 Ne6 9. Be3 b6 10. 0-0-0 Bb7 11. Qd2 Na5 12. Bd3 d5 13. exd6 Bxd6 14. Ne4 Be7 15. Qc3 0-0 16. h4 Qe8 17. Neg5 Bf6 18. Bxh7+ Kh8 19. Qb4 c5 20. Qg4 Qb5 21. b3 g6 22. Bxg6 fxg6 23. h5 Nxg5 24. hxg6+ Kg8 25. Nxg5 Qe8 26. Nf7 Bc8 27. Rh7 Bg7 28. Bh6 Rxf7 29. gxf7+ Qxf7 30. Rxg7+ Kh8 31. Rd8+ 1-0